Port-Vila - Choix Multiples - Statistiques

Statistiques générales
  • Ce quiz a été pris 7 fois
  • Le résultat moyen est 6 sur 10
Statistiques - réponses
Question Réponse % Correct
Quel type de port est Port-Vila ? Un port de pêche
100%
Quel sport nautique est particulièrement populaire autour et à Port-Vila grâce à ses lagons ? Plongée sous-marin
86%
Lequel de ces édifices religieux est la cathédrale du Sacré-Cœur de Port-Vila ?
71%
Quelle langue locale, co-officielle avec le français et l'anglais, est principalement la plus parlée à Port-Vila ? Bichelamar
71%
À l'ouest de Port-Vila, sur l'île Mélé, se trouve un bureau de poste asser insolite. Quelle est la particularité de ce bureau de poste ? Il est situé sous la mer
71%
Quel type de construction traditionnelle se trouve souvent autour de Port-Vila ? Maison sur pilotis en bois
71%
Quel est le principal marché traditionnel de Port-Vila, très apprécié des habitants de la ville et des touristes ? Le marché centrale
57%
Sur quelle île des Vanuatu se situe Port-Vila ? Éfaté
43%
Cyclone de 2015 qui a été ravageur à Port-Vila et dans tout le pays. Pam
43%
De quel pays venaient les colons européens qui ont fondé la ville vers 1887 ? France
29%
Aucun quiz correspondant
Distribution des résultats
% des personnes avec chaque résultat
Percentile par nombre de réponses
Votre historique - résultats
Vous n’avez pas pris ce quiz